|
|
|
|
| LEADER |
02447nam a22005775i 4500 |
| 001 |
978-3-642-35659-9 |
| 003 |
DE-He213 |
| 005 |
20151103125149.0 |
| 007 |
cr nn 008mamaa |
| 008 |
121205s2012 gw | s |||| 0|eng d |
| 020 |
|
|
|a 9783642356599
|9 978-3-642-35659-9
|
| 024 |
7 |
|
|a 10.1007/978-3-642-35659-9
|2 doi
|
| 040 |
|
|
|d GrThAP
|
| 050 |
|
4 |
|a QA75.5-76.95
|
| 072 |
|
7 |
|a UY
|2 bicssc
|
| 072 |
|
7 |
|a UYA
|2 bicssc
|
| 072 |
|
7 |
|a COM014000
|2 bisacsh
|
| 072 |
|
7 |
|a COM031000
|2 bisacsh
|
| 082 |
0 |
4 |
|a 004.0151
|2 23
|
| 245 |
1 |
0 |
|a Quantum Interaction
|h [electronic resource] :
|b 6th International Symposium, QI 2012, Paris, France, June 27-29, 2012, Revised Selected Papers /
|c edited by Jerome R. Busemeyer, François Dubois, Ariane Lambert-Mogiliansky, Massimo Melucci.
|
| 264 |
|
1 |
|a Berlin, Heidelberg :
|b Springer Berlin Heidelberg :
|b Imprint: Springer,
|c 2012.
|
| 300 |
|
|
|a X, 239 p. 24 illus.
|b online resource.
|
| 336 |
|
|
|a text
|b txt
|2 rdacontent
|
| 337 |
|
|
|a computer
|b c
|2 rdamedia
|
| 338 |
|
|
|a online resource
|b cr
|2 rdacarrier
|
| 347 |
|
|
|a text file
|b PDF
|2 rda
|
| 490 |
1 |
|
|a Lecture Notes in Computer Science,
|x 0302-9743 ;
|v 7620
|
| 520 |
|
|
|a This book constitutes the refereed proceedings of the 6th International Symposium on Quantum Interaction, QI 2012, held in Paris in June 2012. The 21 revised full papers presented were carefully reviewed and selected from 32 submissions. The papers cover various topics on quantum interaction.
|
| 650 |
|
0 |
|a Computer science.
|
| 650 |
|
0 |
|a Computers.
|
| 650 |
|
0 |
|a Algorithms.
|
| 650 |
|
0 |
|a Artificial intelligence.
|
| 650 |
|
0 |
|a Computer simulation.
|
| 650 |
1 |
4 |
|a Computer Science.
|
| 650 |
2 |
4 |
|a Theory of Computation.
|
| 650 |
2 |
4 |
|a Computation by Abstract Devices.
|
| 650 |
2 |
4 |
|a Algorithm Analysis and Problem Complexity.
|
| 650 |
2 |
4 |
|a Simulation and Modeling.
|
| 650 |
2 |
4 |
|a Artificial Intelligence (incl. Robotics).
|
| 700 |
1 |
|
|a Busemeyer, Jerome R.
|e editor.
|
| 700 |
1 |
|
|a Dubois, François.
|e editor.
|
| 700 |
1 |
|
|a Lambert-Mogiliansky, Ariane.
|e editor.
|
| 700 |
1 |
|
|a Melucci, Massimo.
|e editor.
|
| 710 |
2 |
|
|a SpringerLink (Online service)
|
| 773 |
0 |
|
|t Springer eBooks
|
| 776 |
0 |
8 |
|i Printed edition:
|z 9783642356582
|
| 830 |
|
0 |
|a Lecture Notes in Computer Science,
|x 0302-9743 ;
|v 7620
|
| 856 |
4 |
0 |
|u http://dx.doi.org/10.1007/978-3-642-35659-9
|z Full Text via HEAL-Link
|
| 912 |
|
|
|a ZDB-2-SCS
|
| 912 |
|
|
|a ZDB-2-LNC
|
| 950 |
|
|
|a Computer Science (Springer-11645)
|